| 000 | 01401nam a2200421 a 4500 | ||
|---|---|---|---|
| 001 | UByD002430 | ||
| 003 | AR-LpoUNG | ||
| 005 | 20240819091347.0 | ||
| 008 | 240226s2023||||ag |||||||||||||||||spa d | ||
| 020 | _a9789876307130 | ||
| 040 |
_aAR-LpoUNG _bspa _eaacr |
||
| 041 | _aspa | ||
| 044 | _aag | ||
| 082 | 0 | _a982.063 775per | |
| 100 | 1 | _aStavale, Mariela | |
| 245 | 1 | 3 |
_aUn peronismo alternativo para la revolución : _bla experiencia política y editorial de las revistas Militancia y De Frente |
| 250 | _a1ra. ed. | ||
| 260 |
_aBuenos Aires ; La Plata ; Posadas : _bUniversidad Nacional de General Sarmiento ; Universidad Nacional de La Plata. Facultad de Humanidades y Ciencias de la Educación ; Universidad Nacional de Misiones, _c2023. |
||
| 300 |
_a393 p. : _bfot. |
||
| 490 | 0 |
_aEntre los libros de la buena memoria ; _vno. 34 |
|
| 650 | 4 | _aANALISIS HISTORICO | |
| 650 | 4 | _aARGENTINA | |
| 650 | 4 | _aIDEOLOGIAS POLITICAS | |
| 650 | 4 | _aGOBIERNO | |
| 650 | 4 | _aHISTORIA POLITICA | |
| 650 | 4 | _aSISTEMAS POLITICOS | |
| 650 | 4 | _aINFORMACION | |
| 650 | 4 | _aMEDIOS DE COMUNICACION | |
| 650 | 4 | _aPRENSA | |
| 650 | 4 | _aPERIODISMO | |
| 650 | 4 | _aSOCIEDAD | |
| 650 | 4 | _aESCRITOR | |
| 650 | 4 | _aPARTICIPACION POLITICA | |
| 653 | 0 | _aPERONISMO | |
| 856 | 4 | 0 |
_uhttp://repositorio.ungs.edu.ar:8080/xmlui/handle/UNGS/1462 _yTexto completo |
| 905 | _a59867 | ||
| 942 |
_cLIB _2ddc |
||
| 999 |
_c64945 _d64945 |
||